000
00365nam a2200133Ia 4500
008
100328s9999 xx 000 0 und d
082
_b
22181
100
_a
सहस्त्रबुदे नलिनी
245
_a
फुलंगी
260
_b
कुलकर्णी
630
_a
फुलंगी
730
_a
फुलंगी
942
_c
BOOK
999
_c
516110
_d
516107